Normal view
MARC view
Entry Término temático
001 - NÚMERO DE CONTROL
- campo de control: 85869
003 - IDENTIFICADOR DEL NÚMERO DE CONTROL
- campo de control: DO-SdBNP
005 - FECHA Y HORA DE LA ÚLTIMA TRANSACCIÓN
- campo de control: 20240627113249.0
008 - DATOS DE LONGITUD FIJA
- campo de control de longitud fija: 240627|| aca||aabn | a|a d
040 ## - FUENTE DE LA CATALOGACIÓN
- Centro catalogador/agencia de origen: DO-SdBNP
- Centro/agencia transcriptor: DO-SdBNP
150 ## - ENCABEZAMIENTO--TÉRMINO DE MATERIA
- Término de materia o nombre geográfico como elemento de entrada: Humanización de la atención
670 ## - FUENTE DE DATOS ENCONTRADOS
- Cita de la fuente: Work cat.: (DO-SdBNP)54219: República Dominicana Ministerio de Salud Pública y Asistencia Social 78774, Manual de estándares de calidad y humanización para la atención a personas con tuberculosis /
